Gerçek insanın yüzünde yazar mı ? / (Kayıt no. 904)

MARC ayrıntıları
000 -BAŞLIK
Sabit Uzunluktaki Kontrol Alanı 00561nam a22002057a 4500
001 - KONTROL NUMARASI
Control Dosyası 00893
003 - KONTROL NUMARASI KİMLİĞİ
Kontrol Alanı KOHA_MİRAKIL
005 - EN SON İŞLEM TARİHİ ve ZAMANI
Kontrol Alanı 20240914231540.0
008 - SABİT UZUNLUKTAKİ VERİ ÖGELERİ - GENEL BİLGİ
Sabit Alan 240915b tu ||||| |||| 00| 0 tur d
020 ## - ISBN - ULUSLARARASI STANDART KİTAP NUMARASI
Isbn 9786258096330
040 ## - KATALOGLAMA KAYNAĞI
Özgün Kataloglama Kurumu TR-AnABB
Kataloglama Dili tur
Çeviri Kurumu TR-AnABB
041 ## - DİL KODU
Metin ya da ses kaydının dil kodu tur
082 ## - DEWEY ONU SINIFLAMA SİSTEMİ
Sınıflama Numarası 138
Cutter numarası GOK 2022
100 ## - KİŞİ ADI
Yazar Adı (Kişi adı) Göka, Erol
245 #0 - ESER ADI BİLDİRİMİ
Başlık Gerçek insanın yüzünde yazar mı ? /
Sorumluluk Bildirimi Erol Göka, Murat Beyazyüz.
260 ## - YAYIN, DAĞITIM, VB.
Yayın Yeri İstanbul :
Yayınevi Kapı Yayınları,
Yayın Tarihi 2022.
300 ## - FİZİKSEL TANIMLAMA
Sayfa, Cilt vb. 208 sayfa ;
Boyutları 20 cm.
650 ## - KONU BAŞLIĞI EK GİRİŞ - KONU TERİMİ
Konusal terim veya coğrafi ad Fizyonomi
942 ## - EK GİRİŞ ÖGELERİ (KOHA)
Sınıflama Kaynağı Dewey Decimal Classification
Materyal Türü Kitap
Mevcut
Geri Çekilme Durumu Kayıp Durumu Sınıflandırma Kaynağı Kredi için değil Kalıcı Konum Mevcut Konum Kayıt Tarih Edinim Kaynağı Toplam Ödünçverme Yer Numarası Demirbaş Numarası Son Görülme Tarihi Fatura Tarihi Materyal Türü
    Dewey Decimal Classification   Büyükşehir Genç Akademi Batıkent Büyükşehir Genç Akademi Batıkent 26/09/2025     138 GOK 2022 ABB124429 26/09/2025 26/09/2025 Kitap
    Dewey Decimal Classification   YHT Gar Çalışma İstasyonu YHT Gar Çalışma İstasyonu 15/09/2024     138 GOK 2022 ABB101893 14/09/2024 14/09/2024 Kitap